L'obstacle (Record no. 48372)

MARC details
000 -LEADER
campo de control de longitud fija 00664nam a22002055i 4500
001 - NÚMERO DE CONTROL
campo de control 48372
003 - IDENTIFICADOR DE NÚMERO DE CONTROL
campo de control ES-MaACL
005 - FECHA Y HORA DE LA ÚLTIMA TRANSACCIÓN
campo de control 20250917063033.0
007 - CAMPO FIJO DE DESCRIPCIÓN FÍSICA--INFORMACIÓN GENERAL
campo de control de longitud fija t|
008 - DATOS DE LONGITUD FIJA--INFORMACIÓN GENERAL
campo de control de longitud fija 950713q18801900fr a ||||1| fre d
040 ## - FUENTE DE CATALOGACIÓN
Centro catalogador/agencia de origen CAM
Lengua de catalogación spa
Centro/agencia transcriptor CAM
100 1# - ENTRADA PRINCIPAL--NOMBRE DE PERSONA
Nombre de persona Daudet, Alphonse,
Fechas asociadas al nombre 1840-1897
9 (RLIN) 42799
245 12 - MENCIÓN DEL TÍTULO
Título L'obstacle
Resto del título : pièce en 4 actes /
Mención de responsabilidad, etc. Alphonse Daudet; illustrations de Bieler... [et al.].
260 ## - PUBLICACIÓN, DISTRIBUCIÓN, ETC.
Lugar de publicación, distribución, etc. Paris :
Nombre del editor, distribuidor, etc. Marpon et Flammarion,
Fecha de publicación, distribución, etc. [18--?] (
Fabricante Imprimerie Lahure)
300 ## - DESCRIPCIÓN FÍSICA
Extensión [6], 238 p. :
Otras características físicas il. ;
Dimensiones 18 cm.
490 1# - MENCIÓN DE SERIE
Mención de serie Collection Guillaume
830 0# - PUNTO DE ACCESO ADICIONAL DE SERIE-TÍTULO UNIFORME
Título uniforme Collection Guillaume
9 (RLIN) 182233
852 ## - LOCALIZACIÓN
Ubicación ES-MaACL
Número de control de estantería B-2800
Holdings
Estatus retirado Estado de pérdida Estado de daño No para préstamo Biblioteca de origen Biblioteca actual Ubicación en estantería Fecha de adquisición Fuente de adquisición Total de préstamos Signatura topográfica completa Código de barras Visto por última vez Precio de reemplazo Tipo de ítem Koha
        Biblioteca del Ateneo de Madrid Biblioteca del Ateneo de Madrid Sala Pardo Bazán 17/01/2008     B-2800 1050907 23/02/2023 23/02/2023 Libro impreso antiguo